Estadísticas para Esposas del Rey Enrique VIII

Haz click aquí para intentar la prueba.

Estadísticas generales

  • Esta prueba ha sido intentada 610 veces
  • La puntuación promedio es 3 de 6

Estadísticas de respuestas

#DestinoEsposa% Correcto
1RepudiadaCatalina de {Aragón}
95%
2EjecutadaAna {Bolena}
91%
3Muerta en el partoJuana {Seymour}
49%
6Quedo viudaCatalina {Parr}
42%
5EjecutadaCatalina {Howard}
39%
4RepudiadaAna de {Cléveris}
29%

Distribución de puntuación

Porcentaje por número respondido

Porcentaje de gente con cada puntuación

Historial de tus puntuaciones

No has intentado esta prueba.